k.d. lang /

সংরক্ষণ করুন:
গ্রন্থ-পঞ্জীর বিবরন
প্রধান লেখক: Bennahum, David (লেখক)
বিন্যাস: গ্রন্থ
ভাষা:ইংরেজি
প্রকাশিত: London : Omnibus, 1993
ট্যাগগুলো: ট্যাগ যুক্ত করুন
কোনো ট্যাগ নেই, প্রথমজন হিসাবে ট্যাগ করুন!

MARC

LEADER 00000nam a22000007i 4500
001 IT\ICCU\UBO\3435074
003 ItRI
005 20260115231820.0
008 080610s1993 xxk|||||| ||||| |||||c
020 |a 0711937982 
040 |b ita  |c importazione bologna sebina 
041 7 |a eng  |2 ISO-639-2 
100 1 |a Bennahum, David  |0 IT\ICCU\UBOV\241926  |4 aut 
245 1 0 |a k.d. lang /  |c [text by David Bennahum]. 
260 |a London :  |b Omnibus,  |c 1993 
300 |a 47 p. :  |b in gran parte ill. ;  |c 27 cm. 
942 |2 ddc  |c BK  |n 0 
952 |0 0  |1 0  |4 0  |6 L_781_642000000000000_BEN  |7 0  |9 13380  |a BO  |b BO  |d 2026-01-15  |i 3232  |l 0  |o L 781.642 BEN  |p BO3232  |r 2026-01-15 23:18:20  |w 2026-01-15  |x [Sebina 5] [1 v.]  |y BK  |z 1 v. 
999 |c 11494  |d 11494